Library Catalog

The Official History of the Tour de France / (Record no. 492750)

MARC details
000 -LEADER
fixed length control field 01240nam a22002657a 4500
003 - CONTROL NUMBER IDENTIFIER
control field OSt
005 - DATE AND TIME OF LATEST TRANSACTION
control field 20260513144049.0
008 - FIXED-LENGTH DATA ELEMENTS--GENERAL INFORMATION
fixed length control field 260513b |||||||| |||| 00| 0 eng d
020 ## - INTERNATIONAL STANDARD BOOK NUMBER
International Standard Book Number 9781802796759
040 ## - CATALOGING SOURCE
Original cataloging agency Kenya National Library Service
082 ## - DEWEY DECIMAL CLASSIFICATION NUMBER
Classification number 796.620944 EDW
100 ## - MAIN ENTRY--PERSONAL NAME
Personal name Edwards - Evans, Luke
Relator term author
245 ## - TITLE STATEMENT
Title The Official History of the Tour de France /
Statement of responsibility, etc. Luke Edwards - Evans, Serge Laget, and Andy McGrath
250 ## - EDITION STATEMENT
Edition statement Revised and updated Edition.
300 ## - PHYSICAL DESCRIPTION
Extent 175 pages :
Other physical details colour portraits,colour maps
Dimensions 29 cm.
504 ## - BIBLIOGRAPHY, ETC. NOTE
Bibliography, etc. note Includes index
520 ## - SUMMARY, ETC.
Summary, etc. "The Official History of the Tour de France - fully revised and updated for 2023 - is a celebration of one of the greatest annual sporting events, and the premier competition in world cycling. Through more than 300 photographs, rarely seen documents and items of memorabilia, this book covers more than a century of fascinating stories about the Tour and its iconic yellow jersey.
650 ## - SUBJECT ADDED ENTRY--TOPICAL TERM
Topical term or geographic name entry element TOUR de France race
Form subdivision History
650 ## - SUBJECT ADDED ENTRY--TOPICAL TERM
Topical term or geographic name entry element Bicyle racing
Form subdivision France
General subdivision History
700 ## - ADDED ENTRY--PERSONAL NAME
Personal name Laget,Serge
Relator term author
700 ## - ADDED ENTRY--PERSONAL NAME
Personal name McGrath, Andy
Relator term author
942 ## - ADDED ENTRY ELEMENTS (KOHA)
Source of classification or shelving scheme Dewey Decimal Classification
Koha item type Books
Suppress in OPAC No

No items available.

© 2025, Kenya National Library Service | Designed & Maintained by Uvumbuzi Center